000
00287nam a22001217a 4500
008
181029b xxu||||| |||| 00| 0 eng d
041
_a
eng
080
_a
541
100
_a
12
101
_a
KIM
245
_a
Microscale And Miniscle Organic Chemistry
_c
Allen.M.SCH
942
_2
udc
_c
BK
999
_c
51004
_d
51004